Statistiken für Alle Nationalparks in Deutschland

Klicken Sie hier um das Quiz zu spielen!

Allgemein

  • Dieses Quiz wurde 44 mal gespielt
  • Das Durchschnittsergebnis liegt bei 7 aus 16

Antwortstatistiken

BundeslandNationalpark% Korrekt
Sachsen-Anhalt/NiedersachsenHarz
74%
Baden-WürttembergSchwarzwald
74%
BayernBayrischer Wald
69%
SachsenSächsische Schweiz
56%
Nordrhein-WestfalenEifel
54%
BayernBerchtesgaden
49%
NiedersachsenNiedersächsisches Wattenmeer
49%
Schleswig-HolsteinSchleswig-Holsteinisches Wattenmeer
49%
Mecklenburg-VorpommernMüritz
41%
HamburgHamburgisches Wattenmeer
36%
Mecklenburg-VorpommernJasmund
33%
ThüringenHainich
31%
BrandenburgUnteres Odertal
21%
Mecklenburg-VorpommernVorpommersche Boddenlandschaft
21%
HessenKellerwald-Edersee
15%
Rheinland-Pfalz/SaarlandHunsrück-Hochwald
10%

Verteilung der Resultate

Perzentil nach korrekt beantworteten Fragen

Anzahl Personen mit jedem Resultat

Ihre Resultats-Entwicklung

Sie haben dieses Quiz noch nicht gespielt